Old Pewter, Brass, Cooper & Sheffield Plate (Record no. 4394)

MARC details
000 -CABECERA
campo de control de longitud fija 00702nam a2200229 a 4500
001 - NÚMERO DE CONTROL
campo de control BRCA_4694
005 - FECHA Y HORA DE LA ÚLTIMA TRANSACCIÓN
campo de control 20190320204752.0
008 - DATOS DE LONGITUD FIJA--INFORMACIÓN GENERAL
campo de control de longitud fija 011010s1933----nyua######---#000-0#eng-#
041 ## - CÓDIGO DE LENGUA
Código de lengua del texto/banda sonora o título independiente eng
044 ## - CÓDIGO DEL PAÍS DE LA ENTIDAD EDITORA/PRODUCTORA
Código MARC del país nyu
050 #4 - SIGNATURA TOPOGRÁFICA DE LA BIBLIOTECA DEL CONGRESO
Número de clasificación NK8404
Número de documento/Ítem .H83 1933
100 1# - ENTRADA PRINCIPAL--NOMBRE DE PERSONA
Nombre de persona Hudson Moore, N.
Fechas asociadas al nombre 1857-1927
9 (RLIN) 11909
245 10 - MENCIÓN DE TÍTULO
Título Old Pewter, Brass, Cooper & Sheffield Plate
Mención de responsabilidad, etc. by N. Hudson Moore.
260 ## - PUBLICACIÓN, DISTRIBUCIÓN, ETC.
Lugar de publicación, distribución, etc. Garden City, Nueva York
Nombre del editor, distribuidor, etc. Garden City
Fecha de publicación, distribución, etc. 1933
300 ## - DESCRIPCIÓN FÍSICA
Extensión xiii, 229 p.
Otras características físicas il., 105 láminas
Dimensiones 23 cm.
500 ## - NOTA GENERAL
Nota general Incluye apéndice onomástico, índice alfabético e índice de ilustraciones
500 ## - NOTA GENERAL
Nota general D67
650 14 - PUNTO DE ACCESO ADICIONAL DE MATERIA--TÉRMINO DE MATERIA
Término de materia o nombre geográfico como elemento de entrada Peltre
9 (RLIN) 11910
650 14 - PUNTO DE ACCESO ADICIONAL DE MATERIA--TÉRMINO DE MATERIA
Término de materia o nombre geográfico como elemento de entrada Metalistería
9 (RLIN) 11911
902 ## - CATALOGADOR
Iniciales GFM
942 ## - ELEMENTOS DE PUNTO DE ACCESO ADICIONAL (KOHA)
Fuente del sistema de clasificación o colocación Library of Congress Classification
Tipo de ítem Koha Libros
Holdings
Estado de retiro Estado de pérdida Estado dañado No para préstamo Localización permanente Ubicación/localización actual Fecha de adquisición Número de inventario Total de préstamos Signatura topográfica completa Código de barras Fecha visto por última vez Precio válido a partir de Tipo de ítem Koha
El ejemplar forma parte de la colección y puede ser consultado según las políticas vigentes.       Biblioteca del Museo Franz Mayer (Rogerio Casas-Alatriste) Biblioteca del Museo Franz Mayer (Rogerio Casas-Alatriste) 01/10/2010 D67   NK8404 .H83 1933 (D67) 4711 22/03/2019 22/03/2019 Libros